Westeuropa Karten-Quiz - Statistiken

Allgemein
  • Dieses Quiz wurde 5.003 mal gespielt
  • Das Durchschnittsergebnis liegt bei 22 aus 24
Antworten auf der Karte
Die Antworten werden auf der Karte rot bzw. grün angezeigt, abhängig davon wie oft sie richtig erraten wurden.
 
Antwortstatistiken
Antwort % Korrekt
Irland
95%
Island
95%
Vereinigtes Königreich
94%
Dänemark
93%
Italien
93%
Deutschland
92%
Finnland
92%
Frankreich
92%
Griechenland
92%
Norwegen
92%
Portugal
91%
Schweden
91%
Spanien
91%
Niederlande
90%
Österreich
90%
Schweiz
90%
Luxemburg
89%
Belgien
88%
Liechtenstein
88%
Malta
88%
Monaco
88%
Vatikanstadt
88%
Andorra
82%
San Marino
81%
Keine übereinstimmenden Quizze gefunden
Verteilung der Resultate
Anzahl Personen mit jedem Resultat
Perzentil nach korrekt beantworteten Fragen
Ihre Resultats-Entwicklung
Sie haben dieses Quiz noch nicht gespielt